| 000 | 00630nam a2200289Ia 4500 | ||
|---|---|---|---|
| 005 | 20260401122108.0 | ||
| 008 | 008 250103s9999 xx 000 0 eng d | ||
| 020 | _a0-330-35971-1 | ||
| 037 | _aTB | ||
| 040 | _aEDL | ||
| 040 | _beng | ||
| 040 | _cEDL | ||
| 041 | _2eng | ||
| 041 | _aeng | ||
| 084 | _aA823.3 AND | ||
| 084 | _qEDL | ||
| 100 |
_aAnderson, Jessica _91232584 |
||
| 245 | 0 | _aTirra Lirra by the River | |
| 245 | 0 | _cAnderson, Jessica | |
| 260 | _aSydney | ||
| 260 | _bPicador | ||
| 260 | _c2001 | ||
| 942 | _cTB | ||
| 942 | _hA823.3 AND | ||
| 999 |
_c1844887 _d1844887 |
||